I sette messaggeri /

Gespeichert in:
Bibliographische Detailangaben
1. Verfasser: Buzzati, Dino (Verfasst von)
Weitere Verfasser: Gianfranceschi, Fausto
Format: Buch
Sprache:Italienisch
Veröffentlicht: Milano : A. Mondadori, 1993
Schriftenreihe:Oscar ; 714
Tags: Tag hinzufügen
Keine Tags, Fügen Sie das erste Tag hinzu!

MARC

LEADER 00000nam a22000007i 4500
001 IT\ICCU\RLZ\0158470
003 ItRI
005 20250816131921.0
008 020628s1993 it |||||| ||||| |||||c
040 |b ita  |c Arcigay Viterbo 
041 7 |a ita  |2 ISO-639-2 
100 1 |a Buzzati, Dino  |0 IT\ICCU\CFIV\007701  |4 aut 
240 1 2 |a I sette messaggeri  |9 Buzzati, Dino 
245 1 2 |a I sette messaggeri /  |c Dino Buzzati ; Introduzione di Fausto Gianfranceschi. 
260 |a Milano :  |b A. Mondadori,  |c 1993 
300 |a 262 p. ;  |c 19 cm 
700 1 |a Gianfranceschi, Fausto  |0 IT\ICCU\CFIV\023724 
830 0 |a Oscar ;  |v 714  |0 IT\ICCU\CFI\0000102 
942 |2 ddc  |c BK  |n 0 
952 |0 0  |1 0  |2 ddc  |4 0  |6 853_914000000000000_BUZ_SET  |7 0  |9 9533  |a VT  |b VT  |d 2025-08-16  |e Donazione Alfonso Antoniozzi  |i B240  |l 0  |o 853.914 BUZ SET  |p B240  |r 2025-08-16 13:19:53  |w 2025-08-16  |y BK  |z Donazione Alfonso Antoniozzi 
981 1 |6 z01  |a i   |b xxxe  
982 1 |6 z01  |a n 
999 |c 7947  |d 7947